000 00304nam a2200145Ia 4500
100 _aBurghardt/Axelrod
942 _cBK
654 _atool
245 _aMachine Tool Operation II
260 _bHand Book Publishers
_c2001
082 _a621.9
_bBUR
300 _a681
546 _aENGLISH
999 _c18029
_d18029